000 00381nam a2200169Ia 4500
100 _aModule G26
650 _aElectrical Engineering
490 _vI
942 _cBK
654 _aElectronic Inspection And Test
245 _aElectronic Inspection And Test
260 _bE.I.T.B
_aEngland
_c1977
082 _a621.3
_bITB
300 _a113
546 _aENGLISH
999 _c28268
_d28268